Bahá'u'lláh / (Record no. 19071)

MARC details
000 -LEADER
campo de control de longitud fija 00632nam a2200217 i 4500
001 - NÚMERO DE CONTROL
campo de control 19071
003 - IDENTIFICADOR DE NÚMERO DE CONTROL
campo de control ES-MaACL
005 - FECHA Y HORA DE LA ÚLTIMA TRANSACCIÓN
campo de control 20230906152006.0
007 - CAMPO FIJO DE DESCRIPCIÓN FÍSICA--INFORMACIÓN GENERAL
campo de control de longitud fija t|
008 - DATOS DE LONGITUD FIJA--INFORMACIÓN GENERAL
campo de control de longitud fija 020603s1992 sp ||||1| spa d
020 ## - NÚMERO INTERNACIONAL ESTÁNDAR DEL LIBRO
Número Internacional Estándar del Libro 84-85238-70-2
080 ## - NÚMERO DE LA CLASIFICACIÓN DECIMAL UNIVERSAL
Número de la Clasificación Decimal Universal 298.8
245 00 - MENCIÓN DEL TÍTULO
Título Bahá'u'lláh /
Mención de responsabilidad, etc. [traducido por Concepción Cuevas y Fernando García].
250 ## - MENCION DE EDICION
Mención de edición 1ª ed.
260 ## - PUBLICACIÓN, DISTRIBUCIÓN, ETC.
Lugar de publicación, distribución, etc. Tarrassa, Barcelona :
Nombre del editor, distribuidor, etc. Bahá'i de España,
Fecha de publicación, distribución, etc. 1992.
300 ## - DESCRIPCIÓN FÍSICA
Extensión 71 p. :
Otras características físicas il. ;
Dimensiones 22 cm.
650 14 - PUNTO DE ACCESO ADICIONAL DE MATERIA--TÉRMINO DE MATERIA
Término de materia o nombre geográfico como elemento de entrada Bahaísmo.
9 (RLIN) 10474
700 1# - ENTRADA AGREGADA--NOMBRE PERSONAL
Nombre de persona Cuevas, Concepción.
9 (RLIN) 42095
700 1# - ENTRADA AGREGADA--NOMBRE PERSONAL
Nombre de persona García, Fernando.
9 (RLIN) 54021
852 ## - LOCALIZACIÓN
Ubicación ES-MaACL
Número de control de estantería 2168-F-19
Sublocalización o colección R.121581
Holdings
Estatus retirado Estado de pérdida Estado de daño No para préstamo Colección Biblioteca de origen Biblioteca actual Ubicación en estantería Fecha de adquisición Fuente de adquisición Total de préstamos Signatura topográfica completa Código de barras Visto por última vez Precio de reemplazo Tipo de ítem Koha
        Colección de folletos Biblioteca del Ateneo de Madrid Biblioteca del Ateneo de Madrid Depósito folletos 17/01/2008     2168-F-19 1019515 23/02/2023 23/02/2023 Folleto